000 00863nam a22002297a 4500
005 20170124105945.0
010 _aA-702202
020 _c00.00
_a8170187702
035 _aA-702202
037 _bCen Lib/Ret
040 _aDPL
_bEN
082 _a338.95413
_bPOK
100 _aPokhriyal, H. C.
_912179
245 _aHuman environment and socio-economic development in the Himalayas :
_cby H. C. Pokhriyal
_ban institutional study of natural and human resource management in the Garhwal and Kumaon Himalayas /
260 _aDelhi
_bB.R. Publishing
_c1994
270 _bDelhi
_a1, Ansari Road, Darya Ganj
_e110007
300 _axviii,241p.
_c21cm(Hb)
500 _aIncludes bibliographical references and index
650 _aNatural resources--Management
_912180
650 _aSustainable development
_97813
942 _2ddc
_cEN
_h338.95413
_mPOK
999 _c124860
_d124860